| 000 | 00966nam0a2200253 4500 | ||
|---|---|---|---|
| 001 | RU\NLR\BIBL_A\011546950 | ||
| 005 | 20260406084144.0 | ||
| 035 | _a(NLR Aleph) 011546950 | ||
| 090 |
_a12224841 _c12224841 |
||
| 100 | _a20171205d1932 |||y0rusy50 ca | ||
| 101 | 0 | _amyv | |
| 102 | _aRU | ||
| 105 | _ay z 000 y | ||
| 200 | 1 |
_aКолчаковщина _e(башка эпизот гражд. войнасто) |
|
| 210 |
_aСаранск _cЭрзямокшонь гос. изд-вась _d1932 |
||
| 215 |
_a42, [1] с. _d18 |
||
| 541 | 1 |
_aКолчаковщина _e(отд. эпизоды гражд. войны) _zrus |
|
| 606 | 1 |
_aГражданская война _91322895 _3RU\NLR\AUTH\66234065 |
|
| 686 | 1 | _aТ3(2)712 | |
| 702 | 1 |
_4570 _8rus _7ca _aКолчак _bА. В. _f1874-1920 _gАлександр Васильевич _3RU\NLR\AUTH\7752269 _935202 |
|
| 852 |
_aNLR _bОНЛ _jМорд.Э./2-838 |
||
| 942 | _cBOOK | ||
| 980 | _aNB | ||